| 000 | 00428nam a2200181Ia 4500 | ||
|---|---|---|---|
| 008 | 210210b2011 xxu||||| |||| 00| 0 eng d | ||
| 020 | _a9789380685250 | ||
| 041 | _aeng | ||
| 082 | _a001.4 DIXR | ||
| 100 | _aDIXIT (Manoj) | ||
| 245 | _aResearch methodology | ||
| 260 |
_aLucknow _bNew Royal Book Co. _c2011 |
||
| 300 | _aiii,418 | ||
| 650 | _aResearch | ||
| 650 | _amethodology | ||
| 690 | _aResearch | ||
| 906 | _a066001 | ||
| 999 |
_c147500 _d147500 |
||